000 00998nam a22002417a 4500
003 Uzh_bibl
008 260402b |||||||| |||| 00| 0 ukr d
020 _a978-617-7180-19-6
_c101.00
040 _bукр.
041 _2ukr
_aukr
080 _a087.5
090 _a087.5
_bК 14
100 _a
245 _aКазочки про тварин
_cавтор-упоряд.В.Товстий
_hТекст
260 _aХарків
_bПромінь
_c2023
300 _a64 с.
_bіл.
_fВ опр.
520 _aКазочки про тварин для малят з героями українських казок. Яскраві малюнки зроблять читання книги цікавим і приємним.;.
521 _aДля дітей дошкільного і молодшого шкільного віку
546 _aукр.
650 _aЛітературно-художне видання
655 _aДитяча література
942 _2udc
_cBK
999 _c17248
_d17248